00389nam a2200133Ia 4500003000900000008003700009040003300046041000800079080001400087100002100101245009400122260002200216300001700238LK-CoDNM010623t xxu||||| |||| 00| 1 eng d aLK-CoDNMdLK-CoDNMeLK-CoDNM aeng a294.3 RAY aRajapakse,D.T.P. aBuddha's Teachings on Aggregates Doctrine of Dependant Origination Mindfulness Emptiness bSrideviaDehiwala b112p., 21 cm